Reading and thinking in english / (Record no. 114078)
[ view plain ]
| 000 -LEADER | |
|---|---|
| fixed length control field | 00678nam a2200217 4500 |
| 005 - DATE AND TIME OF LATEST TRANSACTION | |
| control field | 20170511090015.0 |
| 008 - FIXED-LENGTH DATA ELEMENTS--GENERAL INFORMATION | |
| fixed length control field | 160302b -uk||||| |||| 00| 0 eng d |
| 020 ## - INTERNATIONAL STANDARD BOOK NUMBER | |
| International Standard Book Number | 019451353X |
| 020 ## - INTERNATIONAL STANDARD BOOK NUMBER | |
| International Standard Book Number | 0194513513 |
| 050 04 - LIBRARY OF CONGRESS CALL NUMBER | |
| Classification number | PE1128 |
| Item number | M66 1982 |
| 100 1# - MAIN ENTRY--PERSONAL NAME | |
| Personal name | Moore, John |
| Relator term | aut. |
| 245 10 - TITLE STATEMENT | |
| Title | Reading and thinking in english / |
| Statement of responsibility, etc | John Moore |
| 250 ## - EDITION STATEMENT | |
| Edition statement | 1a ed. |
| 260 ## - PUBLICATION, DISTRIBUTION, ETC. (IMPRINT) | |
| Place of publication, distribution, etc | Oxford : |
| Name of publisher, distributor, etc | Oxford University Press, |
| Date of publication, distribution, etc | 1982 |
| 300 ## - PHYSICAL DESCRIPTION | |
| Extent | 4 v. : |
| Other physical details | il. ; |
| Dimensions | 24 cm. |
| 504 ## - BIBLIOGRAPHY, ETC. NOTE | |
| Bibliography, etc | Incluye índice |
| 505 1# - FORMATTED CONTENTS NOTE | |
| Formatted contents note | Contiene : |
| Title | v. 1 Concepts in use -- v. 2 Exploring functions -- |
| 650 #7 - SUBJECT ADDED ENTRY--TOPICAL TERM | |
| Source of heading or term | Lemb |
| Topical term or geographic name as entry element | Enseñanza |
| Form subdivision | Lectura |
| General subdivision | Pensamiento |
| 700 1# - ADDED ENTRY--PERSONAL NAME | |
| Personal name | Widdowson, H. G. |
| Relator term | coaut. |
| 942 ## - ADDED ENTRY ELEMENTS (KOHA) | |
| Source of classification or shelving scheme | Biblioteca del Cogreso de los Estados Unidos |
| Koha item type | Libro |
| Estado de pérdida | Fuente de clasificación | Estado del daño | No para préstamo | Ubicación permanente | Ubicación actual | Apartado o colección | Fecha de adquisición | Edición | Área del conocimiento | Clasificación | Código de Barras | Date last seen | Número de copia | Tipo de recurso | Fuente de adquisición |
|---|---|---|---|---|---|---|---|---|---|---|---|---|---|---|---|
| Biblioteca del Cogreso de los Estados Unidos | Biblioteca del Departamento de Idiomas | Biblioteca del Departamento de Idiomas | Consulta | 02/03/2016 | 1a | Educación y Humanidades | PE1128 M66 r1982 V. 2 | BDI000000402 | 02/03/2016 | 1 | Libro | ||||
| Biblioteca del Cogreso de los Estados Unidos | Biblioteca del Departamento de Idiomas | Biblioteca del Departamento de Idiomas | Consulta | 11/05/2017 | 1a | Educación y Humanidades | PE1128 M66 r1982 V.1 | BDI000001532 | 11/05/2017 | 1 | Libro | ||||
| Biblioteca del Cogreso de los Estados Unidos | Biblioteca del Departamento de Idiomas | Biblioteca del Departamento de Idiomas | Consulta | 24/01/2018 | 1a | Educación y Humanidades | PE1128 M66 r1982 V.1 | BDI000002071 | 24/01/2018 | 2 | Libro | Unidad Académica |